<?xml version="1.0" encoding="UTF-8" ?>
<collection xmlns="http://www.loc.gov/MARC21/slim"><record><leader>01569nam a2200349   4500</leader><controlfield tag="001">232649</controlfield><controlfield tag="003">CH-000273-5</controlfield><controlfield tag="005">20260604100132.0</controlfield><datafield tag="020" ind1=" " ind2=" "><subfield code="a">978-91-7100-947-0</subfield></datafield><datafield tag="040" ind1=" " ind2=" "><subfield code="a">CH-000273-5</subfield><subfield code="b">ger</subfield><subfield code="e">rda</subfield></datafield><datafield tag="041" ind1="1" ind2=" "><subfield code="a">eng</subfield></datafield><datafield tag="100" ind1="1" ind2=" "><subfield code="a">Sergel, Johan Tobias</subfield><subfield code="d">1740-1814</subfield><subfield code="e">Künstler</subfield><subfield code="4">art</subfield></datafield><datafield tag="245" ind1="1" ind2="0"><subfield code="a">Fantasy and reality</subfield><subfield code="b">the art of Johan Tobias Sergel</subfield><subfield code="c">editor in chief: Daniel Prytz ; editor: Eva-Lena Bergström</subfield></datafield><datafield tag="264" ind1=" " ind2="1"><subfield code="a">Stockholm</subfield><subfield code="b">Nationalmuseum</subfield><subfield code="c">[2026]</subfield></datafield><datafield tag="300" ind1=" " ind2=" "><subfield code="a">255 Seiten</subfield><subfield code="c">30 cm</subfield></datafield><datafield tag="336" ind1=" " ind2=" "><subfield code="a">Text</subfield><subfield code="b">txt</subfield><subfield code="2">rdacontent</subfield></datafield><datafield tag="336" ind1=" " ind2=" "><subfield code="a">unbewegtes Bild</subfield><subfield code="b">sti</subfield><subfield code="2">rdacontent</subfield></datafield><datafield tag="337" ind1=" " ind2=" "><subfield code="a">ohne Hilfsmittel zu benutzen</subfield><subfield code="b">n</subfield><subfield code="2">rdamedia</subfield></datafield><datafield tag="338" ind1=" " ind2=" "><subfield code="a">Band</subfield><subfield code="b">nc</subfield><subfield code="2">rdacarrier</subfield></datafield><datafield tag="490" ind1="1" ind2=" "><subfield code="a">Nationalmuseum utställningskatalog</subfield><subfield code="v">nr 700</subfield></datafield><datafield tag="600" ind1="1" ind2="7"><subfield code="a">Sergel, Johan Tobias</subfield><subfield code="d">1740-1814</subfield><subfield code="x">Plastik</subfield><subfield code="x">Zeichnung</subfield><subfield code="2">gnd</subfield></datafield><datafield tag="655" ind1=" " ind2="7"><subfield code="a">Ausstellungskatalog</subfield><subfield code="x">Nationalmuseum (Stockholm)</subfield><subfield code="y">19.02.2026-09.08.2026</subfield><subfield code="z">Stockholm</subfield><subfield code="2">gnd-content</subfield></datafield><datafield tag="655" ind1=" " ind2="7"><subfield code="a">Ausstellungskatalog</subfield><subfield code="x">The Morgan Library &amp; Museum</subfield><subfield code="y">30.10.2026-31.01.2027</subfield><subfield code="z">New York, NY</subfield><subfield code="2">gnd-content</subfield></datafield><datafield tag="655" ind1=" " ind2="7"><subfield code="a">Bildband</subfield><subfield code="2">gnd-content</subfield></datafield><datafield tag="655" ind1=" " ind2="7"><subfield code="a">Aufsatzsammlung</subfield><subfield code="2">gnd-content</subfield></datafield><datafield tag="700" ind1="1" ind2=" "><subfield code="a">Prytz, Daniel</subfield><subfield code="e">Herausgeber</subfield><subfield code="4">edt</subfield></datafield><datafield tag="700" ind1="1" ind2=" "><subfield code="a">Bergström, Eva-Lena</subfield><subfield code="e">Herausgeber</subfield><subfield code="4">edt</subfield></datafield><datafield tag="710" ind1="2" ind2=" "><subfield code="a">Nationalmuseum</subfield><subfield code="g">Stockholm</subfield><subfield code="e">Veranstalter</subfield><subfield code="4">orm</subfield></datafield><datafield tag="710" ind1="2" ind2=" "><subfield code="a">The Morgan Library &amp; Museum</subfield><subfield code="e">Gastgebende Institution</subfield><subfield code="4">his</subfield></datafield><datafield tag="775" ind1=" " ind2=" "><subfield code="i">Schwedische Parallelausgabe</subfield><subfield code="t">Sergel : fantasi och verklighet</subfield><subfield code="z">978-91-7100-946-3</subfield></datafield><datafield tag="810" ind1="2" ind2=" "><subfield code="a">Nationalmuseum</subfield><subfield code="g">Stockholm</subfield><subfield code="t">Nationalmuseum exhibition catalogue</subfield><subfield code="v">700</subfield><subfield code="w">(CH-000273-5)1804</subfield></datafield><datafield tag="852" ind1="4" ind2=" "><subfield code="a">CH-000273-5</subfield><subfield code="c">D 2026/0112</subfield></datafield></record></collection>